| 000 | 01124cam a22002895a 4500 | ||
|---|---|---|---|
| 001 | 16013634 | ||
| 005 | 20201128021505.0 | ||
| 008 | 091209t2011 ncua frbd 001 0 eng d | ||
| 020 | _a9781597496452 | ||
| 040 |
_aDLC _beng _cDLC _dEG-ScBUE _dEG-ScBUE |
||
| 082 | 0 | 4 |
_a005.8 _bKNA _222 |
| 100 | 1 |
_aKnapp, Eric D. _938848 |
|
| 245 | 1 | 0 |
_aIndustrial network security : _bsecuring critical infrastructure networks for smart grid, SCADA, and other industrial control systems / _cby Eric D. Knapp ; forword by Anton A. Chuvakin ; technical editor James Broad. |
| 260 |
_aWaltham : _bSyngress / Elsevier, _cc.2011. |
||
| 300 |
_axvii, 341 p. : _bill. ; _c24 cm. |
||
| 500 | _aInclude appendix. | ||
| 500 | _aIndex : p. 331-341. | ||
| 500 | _aGlossary : p. 313-321. | ||
| 504 | _aIncludes bibliographical references. | ||
| 650 | 7 |
_aComputer security. _2BUEsh _92637 |
|
| 650 | 7 |
_aProcess control _xSecurity measures. _2BUEsh |
|
| 651 | _2BUEsh | ||
| 653 |
_bCOMSCI _cAugust2015 _cDecember2015 |
||
| 700 | 1 |
_aChuvakin, Anton A., _eauthor of introduction, etc. |
|
| 700 | 1 |
_aBroad, James, _eeditor. |
|
| 942 |
_2ddc _k005.8 KNA |
||
| 999 |
_c20528 _d20500 |
||